El ombligo del mundo / (Record no. 118537)

MARC details
000 -LEADER
campo de control de longitud fija 00598nam a2200193 4500
001 - NÚMERO DE CONTROL
campo de control 118537
003 - IDENTIFICADOR DE NÚMERO DE CONTROL
campo de control ES-MaACL
005 - FECHA Y HORA DE LA ÚLTIMA TRANSACCIÓN
campo de control 20231226204636.0
007 - CAMPO FIJO DE DESCRIPCIÓN FÍSICA--INFORMACIÓN GENERAL
campo de control de longitud fija t|
008 - DATOS DE LONGITUD FIJA--INFORMACIÓN GENERAL
campo de control de longitud fija 070214s1982 sp r ||||1| spa d
100 1# - ENTRADA PRINCIPAL--NOMBRE DE PERSONA
Nombre de persona Pérez de Ayala, Ramón,
Fechas asociadas al nombre 1880-1962
9 (RLIN) 90763
245 13 - MENCIÓN DEL TÍTULO
Título El ombligo del mundo /
Mención de responsabilidad, etc. Ramón Pérez de Ayala ; estudio preliminar y edición crítica por Angeles Prado.
250 ## - MENCION DE EDICION
Mención de edición [5ª ed.].
260 ## - PUBLICACIÓN, DISTRIBUCIÓN, ETC.
Lugar de publicación, distribución, etc. Madrid :
Nombre del editor, distribuidor, etc. Orígenes,
Fecha de publicación, distribución, etc. 1982.
300 ## - DESCRIPCIÓN FÍSICA
Extensión 281 p. ;
Dimensiones 20 cm.
700 1# - ENTRADA AGREGADA--NOMBRE PERSONAL
Nombre de persona Prado, Angeles.
9 (RLIN) 93604
852 ## - LOCALIZACIÓN
Ubicación ES-MaACL
Número de control de estantería L-3177
Sublocalización o colección R.103983
Holdings
Estatus retirado Estado de pérdida Estado de daño No para préstamo Biblioteca de origen Biblioteca actual Ubicación en estantería Fecha de adquisición Fuente de adquisición Total de préstamos Signatura topográfica completa Código de barras Visto por última vez Precio de reemplazo Tipo de ítem Koha
        Biblioteca del Ateneo de Madrid Biblioteca del Ateneo de Madrid Depósito 2 17/01/2008     L-3177 1123573 23/02/2023 23/02/2023 Libro impreso